| Tag |
First Indicator |
Second Indicator |
Subfields |
| LEADER |
00000cam a2200000 a 4500 |
| 001 |
in00000099095 |
| 005 |
20150924155849.0 |
| 008 |
730305r1973 nyua b 00110 germ |
| 010 |
|
|
|a 72075581
|
| 020 |
|
|
|a 048622886X
|
| 035 |
|
|
|a (OCoLC)00595325
|
| 035 |
|
|
|9 AAK9962AM
|
| 040 |
|
|
|a DLC
|c DLC
|d m.c.
|d TXA
|d UtOrBLW
|
| 041 |
1 |
|
|a ger
|a eng
|h ger
|
| 049 |
|
|
|a TXAM
|c [1482181]
|
| 050 |
0 |
0 |
|a PT1762
|b E8 1973
|
| 082 |
0 |
|
|a 831/.4
|
| 100 |
1 |
|
|a Sachs, Hans,
|d 1494-1576.
|
| 240 |
1 |
0 |
|a Eygentliche Beschreibung aller Stande
|
| 245 |
1 |
4 |
|a The book of trades (Standebuch) /
|c Jost Amman & Hans Sachs ; with a new introduction by Benjamin A. Rifkin.
|
| 264 |
|
1 |
|a New York :
|b Dover Publications,
|c [1973]
|
| 264 |
|
4 |
|c ©1973
|
| 300 |
|
|
|a >, 127 pages :
|b illustrations ;
|c 22 cm.
|
| 336 |
|
|
|a text
|b txt
|2 rdacontent
|
| 337 |
|
|
|a unmediated
|b n
|2 rdamedia
|
| 338 |
|
|
|a volume
|b nc
|2 rdacarrier
|
| 490 |
1 |
|
|a Dover pictorial archive series
|
| 500 |
|
|
|a Reprint. Originally published: Frankfurt am Main : Sigmund Feyerabend, l568.
|
| 500 |
|
|
|a Original title: Eygentliche Beschreibung aller Stande auff Erden, etc.
|
| 500 |
|
|
|a "The following English-language material has been specially prepared for the present edition: a preface and introduction (with 26 additional illustrations) by Benjamin A. Rifkin; a note on the text and the translations; prose summaries of the 114 poems by Hans Sachs; a verse translation of the 'Conclusion;' and an index of ranks and occupations."--Title page verso.
|
| 504 |
|
|
|a Includes bibliographical references and index.
|
| 650 |
|
0 |
|a Occupations
|x Poetry.
|
| 700 |
1 |
|
|a Amman, Jost,
|d 1539-1591.
|
| 700 |
1 |
|
|a Rifkin, Benjamin A.
|
| 830 |
|
0 |
|a Dover pictorial archive series.
|
| 999 |
|
|
|a MARS
|
| 999 |
f |
f |
|s 0c751868-eb71-37e0-b227-7b8359d7f8d8
|i bf8639ad-e683-36fa-bddc-0ff2de56a431
|t 0
|
| 952 |
f |
f |
|p normal
|a Texas A&M University
|b College Station
|c Sterling C. Evans Library
|d Evans: Library Stacks
|t 0
|e PT1762 E8 1973
|h Library of Congress classification
|i unmediated -- volume
|m A14806034787
|
| 952 |
f |
f |
|p noncirc
|a Texas A&M University
|b College Station
|c Sterling C. Evans Library
|d Bodrum (located in Turkey)
|t 0
|e PT1762 E8 1973
|h Library of Congress classification
|i unmediated -- volume
|
| 998 |
f |
f |
|a PT1762 E8 1973
|t 0
|l Evans: Library Stacks
|
| 998 |
f |
f |
|a PT1762 E8 1973
|t 0
|l Bodrum (located in Turkey)
|